| 000 | 00398 a2200145 4500 | ||
|---|---|---|---|
| 999 |
_c7813 _d7813 |
||
| 020 | _a1868723550 | ||
| 050 | _aHF 5438.25 JUD 2001 | ||
| 100 |
_aJude, Brian _eauthor |
||
| 245 |
_aSell don't tell : _b8 steps to sales excellence/ _cBrian Jude |
||
| 264 |
_aCape Town : _bZebra, _c2001. |
||
| 300 |
_axiv, 121 p.: _bill. |
||
| 500 | _aText | ||
| 650 | _aSelling. | ||
| 942 |
_2lcc _cBK _h5438.25 _iJUD _kHF |
||